000
00270nam a2200109Ia 4500
008
201223s9999 xx 000 0 und d
100
_a
Pearson, M. N.
245
0
_a
Merchants & Rulers in Gujarat
260
_a
New Delhi
_b
Munshiram Manoharlal
300
_a
178
942
_c
BK
999
_c
8525
_d
8525